Nhận diện hành vi tôn giáo của thanh niên Phật giáo và Công giáo hiện nay (Qua khảo sát tại Hà Nội và Ninh Bình) /

محفوظ في:
التفاصيل البيبلوغرافية
المؤلف الرئيسي: Nguyễn Thị Minh Ngọc.
التنسيق: مقال
اللغة:Vietnamese
الموضوعات:
الوسوم: إضافة وسم
لا توجد وسوم, كن أول من يضع وسما على هذه التسجيلة!
Thư viện lưu trữ: Thư viện Trường Đại học Đà Lạt
LEADER 00922nam a2200289 4500
001 DLU180186211
005 ##20180814
040 # # |a DLU  |b vie 
041 # # |a vie 
044 # # |a vn 
100 # # |a Nguyễn Thị Minh Ngọc. 
245 # # |a Nhận diện hành vi tôn giáo của thanh niên Phật giáo và Công giáo hiện nay (Qua khảo sát tại Hà Nội và Ninh Bình) /  |c Nguyễn Thị Minh Ngọc. 
653 # # |a Đạo đức lối sống 
653 # # |a Hành vi 
653 # # |a Niềm tin tôn giáo 
653 # # |a Sinh hoạt tôn giáo 
653 # # |a Thanh niên 
773 # # |t Xã hội học  |g Số 4(140), 2017, tr. 61-72 
920 # # |a Phòng Tạp chí -- Trung tâm Thông tin - Thư viện Trường Đại học Đà Lạt 
994 # # |a DLU 
900 # # |a True 
911 # # |a Hoàng Thị Huyền 
925 # # |a G 
926 # # |a A 
927 # # |a BB 
980 # # |a Thư viện Trường Đại học Đà Lạt